000 02275nam a22002657a 4500
016 _a080 AlA
020 _a9789553094803
041 _h1
082 _a080
_bALA
100 _aඅලවත්තගේ ශ්‍රි පේමාස
245 _aකාව්‍ය නාටක ගර්භිත විද්‍යා විමර්ශන ලිපි සංගුහය
260 _bකොළඹ
_aගොඩගේ
_c2019
300 _a192p
_c22 cm
365 _b500 .00
650 _aසාමාන්‍ය එකතු
650 _aGeneral collections
942 _cR
_n0
999 _c18033
_d18033